| 000 | 00521nam a2200181Ia 4500 | ||
|---|---|---|---|
| 001 | 8344 | ||
| 003 | IN-NITTTR | ||
| 005 | 20251114233037.0 | ||
| 008 | 251113s9999||||xx |||||||||||||| ||eng|| | ||
| 040 | _beng | ||
| 040 | _cIN-NITTTR | ||
| 041 | _aeng | ||
| 082 | _a156 S72B | ||
| 100 | _aSundel, Martin | ||
| 245 | 0 |
_aBehavior modification in the human services : _b a systematic introduction to concepts and applications / _cSundel, Martin, Sundel, Sandra Stone |
|
| 700 | _a Sundel, Sandra Stone | ||
| 942 |
_2ddc _cBK |
||
| 999 |
_c10982 _d10982 |
||